Denominations of Soviet Currency - Statistics

General Stats
  • This quiz has been taken 18 times
  • The average score is 11 of 15
Answer Stats
Answer % Correct
1/2 Kopek
100%
1 Ruble
92%
100 Rubles
83%
10 Rubles
83%
25 Rubles
83%
3 Rubles
83%
5 Rubles
83%
10 Kopeks
67%
15 Kopeks
67%
1 Kopek
67%
20 Kopeks
67%
2 Kopeks
67%
3 Kopeks
67%
50 Kopeks
67%
5 Kopeks
67%
No matching quizzes found
Score Distribution
Percent of People with Each Score
Percentile by Number Answered
Your Score History
You have not taken this quiz